The Influence of Processing Conditions on the Sedimentation Kinetics of Highly Waxy Crude Oil; Procedia Chemistry; Vol. 15 : Chemistry and Chemical Engineering in XXI century (CCE 2015)

Bibliographic Details
Parent link:Procedia Chemistry
Vol. 15 : Chemistry and Chemical Engineering in XXI century (CCE 2015).— 2015.— [P. 49-53]
Corporate Author: Национальный исследовательский Томский политехнический университет (ТПУ) Институт природных ресурсов (ИПР) Кафедра химической технологии топлива и химической кибернетики (ХТТ)
Other Authors: Loskutova Y. V., Ryzhova N. S., Yudina N. V., Beshagina E. V. Evgeniya Vladimirovna
Summary:Title screen
The research study of the effect caused by the temperature factor, additives, and magnetic field on the kinetics of sedimentation and pour point of high-paraffin low-resin oil demonstrated that treatment with the additives leads to decrease in oil sludge formation, variation of sedimentation rate and kinetics, however, joint effect of the additive and magnetic field provides no synergistic effect.
Режим доступа: по договору с организацией-держателем ресурса
Language:English
Published: 2015
Subjects:
Online Access:http://dx.doi.org/10.1016/j.proche.2015.10.008
http://earchive.tpu.ru/handle/11683/15084
Format: Electronic Book Chapter
KOHA link:https://koha.lib.tpu.ru/cgi-bin/koha/opac-detail.pl?biblionumber=645304

MARC

LEADER 00000nla2a2200000 4500
001 645304
005 20240112160531.0
035 |a (RuTPU)RU\TPU\network\10388 
035 |a RU\TPU\network\10383 
090 |a 645304 
100 |a 20151215a2015 k y0engy50 ba 
101 0 |a eng 
105 |a y z 100zy 
135 |a drcn ---uucaa 
181 0 |a i  
182 0 |a b 
200 1 |a The Influence of Processing Conditions on the Sedimentation Kinetics of Highly Waxy Crude Oil  |f Y. V. Loskutova [et al.] 
203 |a Text  |c electronic 
300 |a Title screen 
320 |a [References: р. 53 (15 tit.)] 
330 |a The research study of the effect caused by the temperature factor, additives, and magnetic field on the kinetics of sedimentation and pour point of high-paraffin low-resin oil demonstrated that treatment with the additives leads to decrease in oil sludge formation, variation of sedimentation rate and kinetics, however, joint effect of the additive and magnetic field provides no synergistic effect. 
333 |a Режим доступа: по договору с организацией-держателем ресурса 
461 0 |0 (RuTPU)RU\TPU\network\3889  |t Procedia Chemistry 
463 0 |0 (RuTPU)RU\TPU\network\10324  |t Vol. 15 : Chemistry and Chemical Engineering in XXI century (CCE 2015)  |o XVI International Scientific Conference dedicated to Professor L.P. Kulyov, 25-29 May 2015, Tomsk, Russia  |f National Research Tomsk Polytechnic University (TPU) ; ed. E. I. Korotkova  |v [P. 49-53]  |d 2015 
610 1 |a электронный ресурс 
610 1 |a труды учёных ТПУ 
610 1 |a асфальтены 
610 1 |a смолы 
610 1 |a парафиновые отложения 
610 1 |a добавки 
701 1 |a Loskutova  |b Y. V. 
701 1 |a Ryzhova  |b N. S. 
701 1 |a Yudina  |b N. V. 
701 1 |a Beshagina  |b E. V.  |c Chemical Engineer  |c Associate Professor of Tomsk Polytechnic University, Candidate of chemical sciences  |f 1983-  |g Evgeniya Vladimirovna  |3 (RuTPU)RU\TPU\pers\33899  |9 17472 
712 0 2 |a Национальный исследовательский Томский политехнический университет (ТПУ)  |b Институт природных ресурсов (ИПР)  |b Кафедра химической технологии топлива и химической кибернетики (ХТТ)  |3 (RuTPU)RU\TPU\col\18665 
801 2 |a RU  |b 63413507  |c 20161121  |g RCR 
856 4 |u http://dx.doi.org/10.1016/j.proche.2015.10.008 
856 4 |u http://earchive.tpu.ru/handle/11683/15084 
942 |c CF